[Event "FIDE Moscow Grand Prix 2017"]
[Site "Moscow"]
[Date "2017.05.19"]
[Round "7"]
[White "Harikrishna, Pentala"]
[Black "Tomashevsky, Evgeny"]
[Result "1/2-1/2"]
[WhiteElo "2750"]
[BlackElo "2696"]
[Annotator "TA"]
[PlyCount "119"]
[EventDate "2017.??.??"]
[EventType "tourn"]
[EventCountry "RUS"]
[SourceTitle "playchess.com"]
[Source "ChessBase"]
[SourceQuality "1"]

{[%evp 19,119,-22,-18,-35,-17,-28,-21,-57,-22,-16,-13,-21,-21,-6,-25,-17,-24,-34,-34,-34,-34,-34,-34,-35,-36,-39,-29,-33,-30,-47,-47,-64,-66,-108,-74,-102,-91,-89,-99,-102,-109,-172,-91,-200,-43,-43,-43,-43,-43,-43,-43,-43,-43,-43,-43,-43,-43,-43,-43,-43,0,-67,-63,-61,-86,-70,0,0,0,0,0,0,0,0,0,0,0,0,0,0,0,0,0,0,0,0,0,0,0,0,0,0,0,0,0,0,0,0,0,0,0,0]} 1. e4 e5 2. Nf3 Nc6 3. d4 exd4 4. Nxd4 Nf6 {[%cal Bg8f6,Bf6d5,Bd5b6][%mdl 32]} 5. Nxc6 bxc6 6. e5 Qe7 7. Qe2 Nd5 8. c4 Ba6 9. Nd2 g6 10. b3 {C45: Scotch Game} (10. Nf3 Nb6 11. b3 Bg7 12. Bg5 Qa3 13. Bc1 Qe7 14. Bg5 Qa3 15. Qd2 d6 16. Bf6 Bxf6 17. exf6 O-O-O {½-½ (59) Wei,Y (2725)-Ganguly,S (2644) Liaocheng 2017}) 10... Bg7 {LiveBook: 27 Games} 11. Nf3 O-O 12. Qb2 Nb6 (12... Nf6 $5) 13. Qa3 $146 ({Predecessor:} 13. Be2 Rae8 14. O-O Bxe5 15. Nxe5 Qxe5 16. Qxe5 Rxe5 17. Bf3 Rfe8 {1-0 (38) Trinh Thi Nhu,T-Nguyen T Tra,M Ho Chi Minh City 2001}) 13... Qxa3 (13... Rfe8 {looks sharper.} 14. Qxe7 Rxe7 15. Be3 d6 16. O-O-O dxe5 17. h4 e4) 14. Bxa3 Rfe8 15. O-O-O $1 Bxe5 16. Nxe5 Rxe5 17. Bb2 Re7 18. h4 d5 {[%cal Rd5c4]} 19. h5 dxc4 20. Rh4 Rae8 21. hxg6 fxg6 22. bxc4 c5 23. Bd3 Rd7 24. Kc2 Bb7 25. Rg4 Bc6 $36 {[%mdl 2048] Black fights for an advantage.} 26. Rh1 {next Bxg6 is good for White.} Red8 27. Rh3 Ba4+ 28. Kd2 Rd6 $1 29. Rf4 Bd7 30. g4 (30. Rg3 $17) 30... h5 (30... g5 $19 31. Re4 Bc6) 31. Bf6 {[#]} (31. Be5 $17 Bxg4 32. Rxg4 hxg4 33. Rh8+ Kf7 34. Rh7+ Ke6 35. Bxd6 Rxd6 36. Ke2) 31... Bxg4 $2 (31... Rf8 $1 $19 32. Rhf3 {[#]} Nxc4+ $1 {[%mdl 512]} 33. Kc2 Nb6) 32. Rxg4 $15 Rxd3+ 33. Rxd3 Rxd3+ 34. Kxd3 hxg4 $19 {[%mdl 4096] Endgame KB-KN} 35. Be5 c6 36. Bb8 $1 {[%cal Rb8a7]} a6 37. Bc7 $1 {[%cal Rc7b6]} Nd7 38. Ke4 Kf7 39. Kf4 Kf6 40. a4 ({White should play} 40. Bd8+ $11 Kf7 41. Ba5) 40... Ke6 $15 41. Kxg4 Ne5+ 42. Kg5 Nd3 (42... Nxc4 $15 43. Kxg6 Ne5+ 44. Kg5 Nd3) 43. f4 $11 {The position is equal.} Kf7 44. Bb6 Ke6 45. Ba7 Kf7 46. f5 gxf5 47. Kxf5 Nb2 48. Bxc5 Nxc4 49. Ke4 Ke6 50. Kd4 Nd6 51. Bb4 Nb7 (51... a5 $5 52. Bxa5 c5+ 53. Kd3 Kd5 $11) 52. Ba3 Kd7 (52... c5+ $5 53. Bxc5 Nxc5 54. Kxc5 Kd7 $11) 53. Kc4 Kc7 54. Bb4 Kb6 (54... c5 $5 55. Bxc5 Nxc5 56. Kxc5 Kd8 $11) 55. Be7 Kc7 56. Bb4 Kb6 (56... c5 $5 57. Bxc5 Nxc5 58. Kxc5 Kd8 $11) 57. Be7 Ka5 58. Kb3 c5 59. Kc4 Kxa4 60. Bxc5 {Precision: White = 67%, Black = 63%.} 1/2-1/2

[Event "FIDE Moscow Grand Prix 2017"]
[Site "Moscow"]
[Date "2017.05.19"]
[Round "7"]
[White "Inarkiev, Ernesto"]
[Black "Nepomniachtchi, Ian"]
[Result "1/2-1/2"]
[WhiteElo "2727"]
[BlackElo "2751"]
[Annotator "TA"]
[PlyCount "37"]
[EventDate "2017.??.??"]
[EventType "tourn"]
[EventCountry "RUS"]
[SourceTitle "playchess.com"]
[Source "ChessBase"]
[SourceQuality "1"]

{[%evp 9,37,28,10,31,48,25,21,22,16,16,16,17,23,23,42,28,17,20,26,35,39,0,0,0,0,0,1,0,21,0]} 1. d4 Nf6 2. c4 g6 3. Nc3 d5 4. Bg5 Bg7 5. Bxf6 Bxf6 6. cxd5 {D80: Grünfeld: Unusual White 4th moves and 4 Bg5} c5 7. Nf3 cxd4 8. Nxd4 Qb6 9. Nb3 O-O 10. Qd2 Rd8 11. Rd1 Na6 $146 ({Predecessor:} 11... a5 12. Nd4 {½-½ (45) Bartel,M (2620)-Wei,Y (2730) Doha 2015}) 12. e4 {[%cal Be2e4,Be4e5][%mdl 32]} Bg4 13. Be2 Bxe2 14. Qxe2 Nb4 {With the idea ...Nxa2!} 15. e5 Bg7 {The position is equal.} 16. Nc1 Qa5 {[%cal Rb4d5]} 17. Nb3 Qb6 $1 18. Nc1 Qa5 {[%cal Rb4d5]} 19. Nb3 {Precision: White = 80%, Black = 86%.} 1/2-1/2

[Event "FIDE Moscow Grand Prix 2017"]
[Site "Moscow"]
[Date "2017.05.19"]
[Round "7"]
[White "Vallejo Pons, Francisco"]
[Black "Adams, Michael"]
[Result "1/2-1/2"]
[WhiteElo "2710"]
[BlackElo "2747"]
[Annotator "TA"]
[PlyCount "119"]
[EventDate "2017.??.??"]
[EventType "tourn"]
[EventCountry "RUS"]
[SourceTitle "playchess.com"]
[Source "ChessBase"]
[SourceQuality "1"]

{[%evp 15,119,3,14,12,32,24,25,14,33,21,31,8,19,19,25,15,35,22,33,29,42,42,56,54,64,64,69,10,9,10,10,10,10,10,19,15,13,25,30,11,16,0,0,0,0,0,4,3,8,0,0,0,0,0,0,0,0,0,0,0,8,0,0,0,52,0,0,0,0,0,0,0,0,0,0,0,0,0,0,0,0,0,0,0,0,0,6,6,6,6,6,6,6,0,6,6,6,0,0,0,0,0,0,0,8,8]} 1. Nf3 d5 2. d4 Nf6 3. c4 e6 4. Nc3 Be7 5. Bg5 h6 6. Bxf6 Bxf6 7. e3 O-O 8. Qd2 a6 {LiveBook: 24 Games} 9. Rd1 {D55: Queen's Gambit Declined: 4 Bg5 Be7: Lines without ...h6 and 6...h6 7 Bxf6} b6 $146 ({Predecessor:} 9... Nc6 10. cxd5 exd5 11. Be2 Bf5 12. O-O Qd6 13. Na4 Rae8 14. Nc5 Nd8 15. b4 Re7 16. Rc1 Rfe8 {½-½ (49) Riazantsev,A (2543)-Bezgodov,A (2536) Hoogeveen 2002}) 10. cxd5 exd5 11. g3 {White has an edge.} Bb7 12. Bg2 Qd6 13. Ne5 Nd7 14. f4 Rad8 15. O-O c5 16. dxc5 Nxc5 17. b4 Nd7 18. Ne4 Qe6 19. Nxd7 Rxd7 20. Nxf6+ Qxf6 21. Qd4 (21. e4 $14) 21... Qxd4 $11 22. Rxd4 Re7 23. Kf2 Rc8 24. Rfd1 Rc2+ 25. R1d2 Rxd2+ 26. Rxd2 {[%mdl 4096] Endgame KRB-KRB} Rc7 $1 27. h4 Kf8 28. Bxd5 Bxd5 29. Rxd5 {With the idea Rd6. KR-KR} Rc2+ 30. Kf3 Rxa2 31. Rd6 b5 32. h5 Ra4 33. e4 Ke7 34. e5 Rxb4 35. Rxa6 Rb3+ 36. Kg4 b4 37. Rb6 Kd7 38. Rb7+ (38. f5 $5 {[%cal Rf5f6]}) 38... Ke6 39. Rb6+ Kd7 40. Rb8 ({Better is} 40. f5 $1 $14) 40... Ke7 {The position is equal.} 41. Kf5 Rxg3 42. Rb7+ Kf8 43. Rxb4 Rg1 44. Rb8+ Ke7 45. Rg8 Rh1 46. Rxg7 Rxh5+ 47. Ke4 (47. Kg4 $5 {[%cal Rg4h5]} Rh2 48. Kf5 $14) 47... Rh1 48. Rg8 f6 49. Rg7+ Kf8 $1 {[%cal Rf8g7]} 50. exf6 (50. Rd7 $5 {[%cal Re5e6]} fxe5 51. Kxe5 $11 (51. fxe5 h5 $11)) 50... Rh5 51. Re7 Ra5 52. Rh7 Rb5 53. Ra7 Rc5 54. Re7 Ra5 55. Re5 Ra7 56. Kf5 Kf7 57. Re7+ Rxe7 58. fxe7 Kxe7 59. Kg6 h5 60. Kxh5 {Precision: White = 57%, Black = 76%.} 1/2-1/2

[Event "FIDE Moscow Grand Prix 2017"]
[Site "Moscow"]
[Date "2017.05.19"]
[Round "7"]
[White "Hou, Yifan"]
[Black "Hammer, Jon Ludvig"]
[Result "1-0"]
[WhiteElo "2652"]
[BlackElo "2621"]
[Annotator "TA"]
[PlyCount "159"]
[EventDate "2017.??.??"]
[EventType "tourn"]
[EventCountry "RUS"]
[SourceTitle "playchess.com"]
[Source "ChessBase"]
[SourceQuality "1"]

{[%evp 20,159,2,2,4,4,14,12,10,-7,69,61,58,66,144,139,141,141,147,141,149,133,171,187,191,183,187,195,188,152,228,224,212,220,222,225,273,262,272,245,266,266,270,270,271,276,273,273,269,244,245,185,220,158,158,159,162,158,158,0,165,0,158,170,167,172,165,97,119,72,60,60,74,74,81,82,82,82,82,82,82,60,60,60,60,49,60,60,60,60,60,60,60,0,0,0,0,0,0,0,0,0,0,0,0,0,0,0,0,0,0,0,637,600,485,456,12831,12831,12831,12825,1726,1689,12840,12840,12844,12844,12845,12846,12846,12846,12848,12848,12849,12849,12850,12849,12850,12849,12850,12849,12850,12850]} 1. Nf3 d5 2. d4 Nf6 3. c4 e6 4. g3 Be7 5. Bg2 O-O 6. O-O dxc4 7. Qa4 a6 8. Qxc4 b5 9. Qc2 Bb7 10. Bd2 Be4 11. Qc1 c6 {E05: Open Catalan: 5 Nf3 Be7} 12. Rd1 Nbd7 13. Nc3 Bg6 {The position is equal.} 14. a3 {[#]} c5 $146 (14... Rc8 $11) ({Predecessor:} 14... Nd5 15. b4 Nxc3 16. Qxc3 Be4 17. Bf1 Nb6 18. Ne5 Na4 19. Qe3 {½-½ (60) Jakovenko,D (2737)-Naroditsky,D (2628) Doha 2015}) 15. Be3 $14 Qc7 16. Ne5 cxd4 (16... Nxe5 $14 17. dxe5 Qxe5) 17. Nxg6 $16 hxg6 18. Bxa8 dxe3 19. Nd5 $1 {[%cal Rd5e7]} exf2+ 20. Kf1 Qc5 21. b4 $1 Qxc1 22. Nxe7+ Kh7 23. Raxc1 ({Don't take} 23. Rdxc1 $6 Rxa8 24. Kxf2 Nb6 $16) 23... Rxa8 24. Kxf2 a5 (24... Re8 $16 {is a better defense.}) 25. Rd4 $18 g5 26. h4 $1 {[%cal Rh4g5]} g4 27. Rc8 Ra6 28. Rc7 axb4 29. axb4 Ne5 30. Rc5 Nc4 31. Rxb5 Nd6 32. Ra5 Rb6 33. Kg2 g6 34. Rc5 Nb5 35. Rdc4 Kg7 36. Nc8 Rb8 37. Rc6 $1 Na3 38. Rc3 Nb5 39. R3c4 Na3 $1 40. Rc3 Nb5 41. Rc1 $1 Nd5 {[#] and if ...Nd4 works, Black does fine.} 42. Kf2 $1 Na3 43. Ra1 ({White should try} 43. Nd6 $18) 43... Nb5 $16 44. Rc5 f5 45. Kf1 Kf6 46. Ra6 {Strongly threatening Nb6!} Nbc7 47. Rac6 Rxc8 {[#]} 48. Rxd5 $1 {[%mdl 512]} Nxd5 49. Rxc8 {Threatens to win with b5.} Nxb4 {[%mdl 4096] Endgame KR-KN} 50. Kf2 Nd5 51. Ke1 Ne3 52. Rb8 Ke5 53. Rb5+ Kf6 54. Rb3 Nc4 55. Rb4 Nd6 56. Kd2 (56. Kf2 $14) 56... Ke5 57. Kd3 Kd5 58. Ra4 {Hoping for Ra5+.} Ke5 59. Ra5+ Kf6 60. Kd4 Ne4 61. Ra3 Nf2 (61... Nd6 $5 {[%cal Rd6b5]} 62. Rd3 Ne4 $14) 62. Rb3 Ne4 63. Re3 Nd2 64. Rd3 Nf1 {And now ...f4 would win.} 65. Ra3 {Black must now prevent e4.} f4 $2 {[%mdl 8192]} (65... e5+ $11 66. Kd5 e4) 66. gxf4 $18 {White is clearly winning.} Kf5 {[#]} 67. Ra1 $1 {[%cal Ra1f1]} Nd2 (67... Ng3 $142 68. e3 Nh5 69. Ra5+ Kf6) 68. Kd3 Nb3 69. Rb1 Nc5+ 70. Ke3 e5 71. Rb5 Nd7 72. fxe5 Nf8 {[#]} 73. e6+ $1 Kf6 (73... Kxe6 74. Rg5) 74. Kf4 Nxe6+ 75. Kxg4 Nd4 76. Rb6+ Kf7 77. e4 Kg7 78. e5 Kf7 79. Rf6+ Kg7 80. Kg5 {Precision: White = 74%, Black = 65%.} 1-0

[Event "FIDE Moscow Grand Prix 2017"]
[Site "Moscow"]
[Date "2017.05.20"]
[Round "8"]
[White "Ding, Liren"]
[Black "Giri, Anish"]
[Result "1/2-1/2"]
[WhiteElo "2773"]
[BlackElo "2785"]
[Annotator "TA"]
[PlyCount "55"]
[EventDate "2017.??.??"]
[EventType "tourn"]
[EventCountry "RUS"]
[SourceTitle "playchess.com"]
[Source "ChessBase"]
[SourceQuality "1"]

{[%evp 24,55,22,14,17,0,2,1,21,24,42,17,8,0,0,0,42,74,70,-11,-11,-14,-19,-24,-13,-18,-24,-22,-22,-32,-31,-38,-27,-30]} 1. Nf3 d5 2. d4 Nf6 3. c4 e6 4. g3 Bb4+ 5. Bd2 Be7 6. Bg2 O-O 7. O-O Nbd7 8. Qc2 c6 9. Rd1 b6 10. b3 a5 {E11: Bogo-Indian} 11. Bc3 Ne4 (11... Bb7 12. Nbd2 Qc7 13. Rac1 c5 14. Bb2 dxc4 15. Nxc4 b5 16. Nce5 Nxe5 17. Nxe5 Bxg2 18. Kxg2 {0-1 (55) Inarkiev,E (2727)-Jakovenko,D (2718) Poikovsky 2017}) 12. Ne5 Nxe5 13. Bxe4 {LiveBook: 3 Games} f5 {[%cal Bf7f5,Bf5f4][%mdl 32]} 14. Bxd5 $146 ({Predecessor:} 14. Bg2 Nf7 15. Nd2 Ba6 16. e3 Qd7 17. a4 Rac8 18. Qb2 {1-0 (90) Mesaros,F (2373)-Martinovic,S (2550) Germany 2017}) 14... exd5 15. dxe5 f4 $1 16. cxd5 cxd5 17. Bd4 Ba6 $1 18. Qc6 Bxe2 19. Re1 ({Don't play} 19. Bxb6 Qc8 $17) 19... Qc8 (19... Rc8 $5 20. Qe6+ $8 Kh8 $14) 20. Qxd5+ Kh8 21. Nc3 ({But not} 21. Bxb6 $2 Ra6 $19) (21. Nd2 $1 $14 Ba6 22. Rec1 (22. Bxb6 $2 Bb7 $19)) 21... Ba6 $1 $11 {...fxg3 is the strong threat.} 22. e6 {Threatens to win with Qe5.} Rd8 $1 {[%cal Rd8d5]} 23. Qe4 {Hoping for Nd5.} Bb7 $1 {[%cal Rb7e4]} 24. Qxf4 {Black must now prevent Bxg7+!} Qc6 {[%csl Gb7][%cal Rc6h1] [#]} 25. Bxg7+ $1 {[%mdl 512]} Kxg7 {[%csl Gb7][%cal Rc6h1]} 26. Qf7+ $1 Kh8 {[%csl Gb7][%cal Rc6h1]} 27. Ne4 Qe8 {Strongly threatening ...Qxf7.} 28. Ng5 $1 {Precision: White = 54%, Black = 88%.} 1/2-1/2

[Event "FIDE Moscow Grand Prix 2017"]
[Site "Moscow"]
[Date "2017.05.20"]
[Round "8"]
[White "Svidler, Peter"]
[Black "Mamedyarov, Shakhriyar"]
[Result "1/2-1/2"]
[WhiteElo "2755"]
[BlackElo "2772"]
[Annotator "TA"]
[PlyCount "77"]
[EventDate "2017.??.??"]
[EventType "tourn"]
[EventCountry "RUS"]
[SourceTitle "playchess.com"]
[Source "ChessBase"]
[SourceQuality "1"]

{[%evp 12,77,15,11,7,11,17,15,18,-3,-4,-4,-13,7,108,114,90,111,102,96,92,70,56,72,102,81,102,0,37,37,29,-46,22,0,0,0,0,0,12,0,0,0,8,0,0,0,0,0,11,0,6,0,0,0,0,0,0,0,0,0,0,0,0,0,6,0,0,3]} 1. e4 e5 2. Nf3 Nc6 3. Bb5 a6 4. Ba4 Nf6 5. d3 b5 6. Bb3 Bc5 7. Nc3 d6 {C77: Ruy Lopez: 3...a6 4 Ba4 Nf6, unusual lines} 8. Nd5 h6 9. c3 O-O 10. Nxf6+ Qxf6 11. Bd5 Bd7 12. Rg1 Ne7 $146 (12... h5 $1 $11 {keeps the balance.}) ({Predecessor:} 12... Qd8 13. g4 Kh8 14. g5 g6 15. gxh6 {½-½ (36) Vachier Lagrave,M (2789)-Giri,A (2782) Paris 2016}) 13. Bxa8 $16 Rxa8 14. g4 Qe6 15. Nh4 d5 16. Nf5 Bc6 17. Qe2 dxe4 18. dxe4 Ng6 {[#]} 19. Kf1 (19. Rg2 $1 $16) 19... Nf4 20. Bxf4 $1 exf4 21. Re1 (21. Nd4 $11 Qxe4 22. g5 (22. Nxc6 Qxc6 23. Rd1 Re8 $11)) 21... Re8 ({Better is} 21... b4 $1 $15 22. Kg2 Rd8) 22. b4 {The position is equal.} Bb6 {[%cal Rc6e4]} 23. f3 $1 Bxg1 24. Kxg1 Bd7 25. Rd1 Qb6+ 26. Qf2 Bxf5 27. gxf5 Qxf2+ 28. Kxf2 $11 {[%mdl 4096] Endgame KR-KR} a5 $1 29. a3 axb4 30. axb4 Ra8 31. Rd7 c6 32. Rc7 Ra2+ 33. Kg1 Ra1+ 34. Kg2 Ra2+ 35. Kg1 Ra1+ 36. Kg2 Ra2+ 37. Kh3 h5 38. Rxc6 {[#] Black must now prevent Rc5.} f6 $1 39. c4 {Precision: White = 53%, Black = 74%.} 1/2-1/2

[Event "FIDE Moscow Grand Prix 2017"]
[Site "Moscow"]
[Date "2017.05.20"]
[Round "8"]
[White "Nepomniachtchi, Ian"]
[Black "Harikrishna, Pentala"]
[Result "0-1"]
[WhiteElo "2751"]
[BlackElo "2750"]
[Annotator "TA"]
[PlyCount "110"]
[EventDate "2017.??.??"]
[EventType "tourn"]
[EventCountry "RUS"]
[SourceTitle "playchess.com"]
[Source "ChessBase"]
[SourceQuality "1"]

{[%evp 27,110,4,19,-8,0,-2,0,0,0,0,0,-43,-52,-54,-43,-44,0,0,0,0,58,59,190,196,210,25,85,82,118,0,0,0,0,-100,-102,-198,-174,-199,-195,-187,-189,-218,-208,-212,0,-187,-211,-336,0,-12,0,-292,-168,-287,-285,-271,-244,-276,-263,-270,-266,-298,0,-352,-334,-320,-284,-277,-258,-301,-265,-334,-334,-333,-325,-296,-306,-407,-398,-363,-352,-530,-515,-704,-696]} 1. c4 Nf6 2. Nc3 e6 3. e4 d5 4. e5 d4 5. exf6 dxc3 6. bxc3 Qxf6 7. d4 e5 8. Nf3 exd4 9. Bg5 Qe6+ 10. Be2 Be7 11. cxd4 Bxg5 {A18: English Opening: Flohr-Mikenas System (1 c4 Nf6 2 Nc3 e6 3 e4)} 12. Nxg5 Qg6 13. f4 O-O 14. O-O Nc6 {[#] LiveBook: 3 Games} 15. Rb1 $146 ({Predecessor:} 15. d5 Ne7 16. Qd2 Qb6+ 17. Kh1 Nf5 18. Bd3 h6 19. Nf3 {½-½ (65) Grachev,B (2669)-Wojtaszek,R (2721) Lublin 2011}) 15... h6 16. Nf3 Qd6 17. d5 Ne7 18. Nd4 c6 19. f5 Qf6 20. Ne6 fxe6 21. fxe6 Qe5 {[%cal Rc6d5]} 22. Rxf8+ Kxf8 23. Qf1+ $1 Qf6 (23... Kg8 $11) 24. d6 $14 b6 (24... Ng8 $14) 25. Bg4 $1 $18 {Threatens to win with Qd3.} (25. dxe7+ Kxe7 26. Qe1 Bxe6 $11) 25... Ng6 26. Re1 $2 (26. d7 $18 Bxd7 27. exd7) 26... Bxe6 (26... Kg8 $11 27. Qf2 (27. Qxf6 gxf6 28. Bf3 Ne5 $14) 27... Qxf2+ 28. Kxf2 Nf8) 27. Bxe6 $16 {Black must now prevent Qd3.} Rd8 28. g3 ({Only move:} 28. c5 $1 $16 {And now Qc4 would win.} bxc5 29. Qc4) 28... Rxd6 $11 29. Qe2 $1 Qc3 $1 30. Kh1 (30. Qf2+ $11 {remains equal.} Ke7 31. Qf7+ Kd8 32. Qg8+ Ke7 33. Qf7+ Kd8 34. Qg8+ Ke7 35. Qf7+) 30... Rd2 $17 31. Rf1+ (31. Qe4 $17 Qb2 32. Kg1) 31... Ke7 $19 32. Qe4 Ne5 $1 (32... Qe5 33. Qxg6 Qxe6 34. Qxg7+ Kd6 35. Rf6 $11) 33. Bh3 Kd6 34. Qf5 Kc5 (34... Qxc4 $2 35. Qf8+ Kc7 36. Qc8+ Kd6 37. Qd8+ Kc5 38. Qxd2 $18) 35. Bg2 Qd4 $2 (35... Kb4 $19 {...c5 is the strong threat.} 36. a3+ Kxa3 37. Bxc6 Qb2) 36. Qf8+ $2 (36. Rf4 $1 $11 Qa1+ 37. Bf1) 36... Qd6 37. Qf4 (37. Qxg7 $142 Rxa2 38. Rf6 Qd1+ 39. Bf1) 37... Qd4 $2 (37... Rxa2 38. Rb1 $19) ({Black should play} 37... Nxc4 $19 38. Qf5+ Kb4 39. Rb1+ Ka4) 38. Qf8+ $1 $11 Qd6 $2 {[%mdl 8192]} (38... Kxc4 $11 39. Rf4 Rd1+ 40. Bf1+ Rxf1+ $1 {[%mdl 512]} 41. Rxf1 Qe4+ 42. Kg1 Qe3+ 43. Qf2 Kd4) 39. Qf4 $1 $19 {next Qe3+ is good for White.} Re2 (39... Rxa2 40. Rb1 $19) (39... Nxc4 $142 40. Qf5+ Kb4 41. a3+ Kxa3) 40. Qc1 (40. h4 {was called for.}) 40... Qd3 (40... Rxa2 41. Rf2 $1 $17 {[%mdl 512]}) 41. Qf4 g5 (41... Nxc4 42. a4 $19) 42. Qf8+ Qd6 {Strongly threatening ...Qxf8.} 43. Qf5 Qd2 (43... Kxc4 44. Qb1 $17) 44. Bxc6 Rxh2+ (44... Kxc6 $2 45. Qc8+ Kd6 46. Rf6+ Ke7 47. Qe6+ Kd8 48. Rf8+ Kc7 49. Qc8+ Kd6 50. Rd8+ Nd7 51. Qxd7+ Ke5 52. Qxd2 $18) 45. Kg1 {[#]} Re2 $1 (45... Kxc6 46. Qc8+ Kd6 47. Rf6+ Ke7 48. Qe6+ Kd8 49. Rf8+ Kc7 50. Qxe5+ Kc6 51. Rc8+ Kb7 52. Rc7+ Kb8 53. Rd7+ Kc8 54. Qe8#) 46. Bb7 Qe3+ (46... Kxc4 47. Qe6+ Kc5 48. Qe7+ Kc4 49. Qe6+ Kc5 50. Qe7+ Kd4 51. Qd6+ Kc4 52. Qe6+ $17) 47. Kh1 Re1 $40 {[%mdl 128] Black has strong attack.} ({Less strong is} 47... Kxc4 48. Ba6+ b5 49. Qe6+ Kb4 50. Rb1+ Ka5 51. Rxb5+ Ka4 52. Qb3+ Qxb3 53. axb3+ Ka3 54. Rb7 $17) (47... Qxg3 $2 48. Qf8+ Kd4 49. Qd6+ Ke3 50. Qa3+ Nd3 51. Rf3+ Qxf3+ 52. Bxf3 $18) 48. Qf8+ Kd4 49. Qd6+ Kc3 50. Qa3+ {[#]} Kc2 $1 ({And not} 50... Kxc4 51. Ba6+ Kd5 52. Bb7+ Ke6 53. Bc8+ Kd5 54. Bb7+ Kc4 55. Ba6+ Kd5 56. Bb7+ $11) 51. Qxe3 Rxe3 52. Rf2+ Kc3 53. Kg2 Nxc4 ({Resist} 53... Kxc4 54. Bc8 $19) 54. g4 (54. Kh3 {keeps fighting.}) 54... Rd3 55. Rf6 Ne3+ {Precision: White = 39%, Black = 55%.} 0-1

[Event "FIDE Moscow Grand Prix 2017"]
[Site "Moscow"]
[Date "2017.05.20"]
[Round "8"]
[White "Grischuk, Alexander"]
[Black "Nakamura, Hikaru"]
[Result "1/2-1/2"]
[WhiteElo "2750"]
[BlackElo "2786"]
[Annotator "TA"]
[PlyCount "48"]
[EventDate "2017.??.??"]
[EventType "tourn"]
[EventCountry "RUS"]
[SourceTitle "playchess.com"]
[Source "ChessBase"]
[SourceQuality "1"]

{[%evp 10,48,1,8,25,25,20,23,22,25,30,27,23,25,21,18,19,13,29,27,36,37,70,66,52,44,53,45,72,20,28,19,81,83,83,83,83,79,82,55,56]} 1. d4 Nf6 2. c4 e6 3. g3 d5 4. Bg2 Bb4+ 5. Nd2 O-O 6. Ngf3 dxc4 {E01: Catalan: Early deviations} 7. a3 (7. O-O b5 8. a4 c6 9. axb5 cxb5 10. Ng5 Nd5 11. e4 Ne7 12. e5 Nd5 13. Nxh7 Kxh7 14. Qh5+ Kg8 15. Ne4 f6 16. Nxf6+ gxf6 17. Qg6+ Kh8 18. Qh5+ Kg8 {½-½ (18) Ivanchuk,V (2732)-Hou,Y (2649) Shenzhen 2017}) 7... Bxd2+ 8. Bxd2 Nc6 {White has an edge.} 9. e3 Rb8 $146 ({Predecessor:} 9... Qe7 10. O-O e5 11. Nxe5 Nxe5 12. Bb4 Qe6 13. dxe5 Qxe5 14. Bxf8 {1-0 (23) Pukkila,M-Perman,T Vantaa 1996}) 10. O-O b5 11. b3 cxb3 12. Qxb3 Bb7 13. Rfc1 Ne7 14. Bb4 Re8 15. Ne5 Nd7 16. Bxe7 Rxe7 17. Nc6 Bxc6 $1 18. Rxc6 Nf6 19. Ra6 ({White should play} 19. Rac1 $16) 19... c5 $11 20. dxc5 Qc8 (20... Rc7 $1 $11 {keeps the balance.}) 21. Rc6 $16 Rc7 22. Rxc7 Qxc7 23. c6 a5 24. Rc1 h6 {Precision: White = 67%, Black = 64%.} 1/2-1/2

[Event "FIDE Moscow Grand Prix 2017"]
[Site "Moscow"]
[Date "2017.05.20"]
[Round "8"]
[White "Radjabov, Teimour"]
[Black "Gelfand, Boris"]
[Result "1/2-1/2"]
[WhiteElo "2710"]
[BlackElo "2724"]
[Annotator "TA"]
[PlyCount "43"]
[EventDate "2017.??.??"]
[EventType "tourn"]
[EventCountry "RUS"]
[SourceTitle "playchess.com"]
[Source "ChessBase"]
[SourceQuality "1"]

{[%evp 30,43,7,4,10,2,8,8,11,0,4,1,0,0,0,-5]} 1. d4 Nf6 2. c4 e6 3. g3 d5 4. Bg2 Bb4+ 5. Bd2 Be7 6. Nf3 O-O 7. O-O c6 8. Qc2 Nbd7 9. Rd1 b6 10. Bf4 Bb7 11. Ne5 Nh5 {E08: Closed Catalan: Main Line: 7 Qc2} 12. Bd2 Nhf6 {[%cal Bh5f6,Bf6e8,Be8d6,Bd6e4][%mdl 32]} 13. cxd5 cxd5 14. Nc6 Bxc6 15. Qxc6 Rc8 16. Qb5 {LiveBook: 40 Games. The position is equal.} Ne8 17. Qd3 Nd6 18. Nc3 Nf6 (18... f5 19. Be1 {½-½ (100) Radjabov,T (2738)-Gelfand,B (2741) Berlin 2015}) 19. b3 {[#]} Qd7 $146 20. Rac1 Rfd8 21. Rc2 Nde4 22. Be1 1/2-1/2